| 000 | 02024cam a22004214a 4500 | ||
|---|---|---|---|
| 001 | 15802640 | ||
| 005 | 20180704154717.0 | ||
| 008 | 090701s2010 paua b 001 0 eng | ||
| 010 | _a 2009027335 | ||
| 016 | 7 |
_a101509699 _2DNLM |
|
| 020 | _a9780323053730 | ||
| 020 | _a0323053734 | ||
| 035 | _a(OCoLC)ocn423572247 | ||
| 040 |
_aDNLM/DLC _cDLC _dYDX _dNLM _dDLC |
||
| 042 | _apcc | ||
| 050 | 0 | 0 |
_aRB155 _bJOR 2010 |
| 060 | 1 | 0 |
_aQZ 50 _bJ82m 2010 |
| 082 | 0 | 0 |
_a616/.042 _222 |
| 100 | 1 | _aJorde, Lynn B. | |
| 245 | 1 | 0 |
_aMedical genetics / _cLynn B. Jorde, John C. Carey, Michael J. Bamshad. |
| 250 | _a4th ed. | ||
| 260 |
_aPhiladelphia : _bMosby/Elsevier, _cc2010. |
||
| 300 |
_axi, 350 p. : _bill. (some col.) ; _c28 cm. |
||
| 500 | _aRev. ed. of: Medical genetics / Lynn B. Jorde ... [et al.]. 3rd ed. 1996. | ||
| 504 | _aIncludes bibliographical references and index. | ||
| 505 | 0 | _aBackground and history -- Basic cell biology : structure and function of genes and chromosomes -- Genetic variation : its origin and detection -- Autosomal dominant and recessive inheritance -- Sex-linked and nontraditional modes of inheritance -- Clinical cytogenetics : the chromosomal basis of human disease -- Biochemical genetics : disorders of metabolism -- Gene mapping and identification -- Immunogenetics -- Developmental genetics -- Cancer genetics -- Multifactorial inheritance and common diseases -- Genetic testing and gene therapy -- Genetics and personalized medicine -- Clinical genetics and genetic counseling. | |
| 650 | 0 | _aMedical genetics. | |
| 650 | 1 | 2 |
_aGenetic Diseases, Inborn _xgenetics. |
| 650 | 1 | 2 |
_aGenetics, Medical _xmethods. |
| 650 | 2 | 2 | _aGenetic Services. |
| 650 | 2 | 2 | _aGenetic Techniques. |
| 700 | 1 |
_aCarey, John C., _d1946- |
|
| 700 | 1 | _aBamshad, Michael J. | |
| 730 | 0 | _aMedical genetics. | |
| 906 |
_a7 _bcbc _corignew _d1 _eecip _f20 _gy-gencatlg |
||
| 942 |
_2lcc _cBK |
||
| 999 |
_c389 _d389 |
||